[Event "Wohlen op 3rd"]
[Site "Wohlen"]
[Date "2022.08.20"]
[Round "3"]
[White "Frittella, Raul"]
[Black "Fry, Ryunosuke"]
[Result "1-0"]
[WhiteElo "1480"]
[BlackElo "1190"]
[PlyCount "41"]
[EventDate "2022.08.19"]
[EventType "swiss"]
[EventRounds "5"]
[EventCountry "SUI"]
[SourceTitle "CBM 210 Extra"]
[Source "ChessBase"]
[SourceDate "2022.11.30"]
[SourceVersion "1"]
[SourceVersionDate "2022.11.30"]
[SourceQuality "1"]

1. d4 Nf6 2. Bf4 g6 3. Nc3 Bg7 4. e4 Nh5 5. Be3 c5 6. g4 cxd4 7. Bxd4 Bxd4 8. Qxd4 Nf6 9. g5 Nc6 10. Qd2 Nh5 11. Be2 Ng7 12. 0-0-0 d6 13. f4 a6 14. h4 b5 15. Nd5 Bb7 16. Qc3 0-0 17. h5 Rc8 18. hxg6 fxg6 19. Bg4 Rb8 20. Qh3 Na5 21. Be6+ 1-0